000 00333nam a2200145Ia 4500
005 20251222152043.0
008 251222s9999||||xx |||||||||||||| ||spa||
020 _a92904327664
082 _a632/G27
100 _aGass, T.
245 0 _aReport of a Working Group on Allium
250 _a1ra.ed.
264 _bIPGRI
942 _cLIB
999 _c26138
_d26138